000 00330nam a2200121Ia 4500
008 220204s9999 xx 000 0 und d
082 _a658.284
_bALL
100 _aAllen, Richard K
245 0 _aOrganizational management through communication
260 _aNew York
_bHarper and Row
_c1977
650 _aCommunication
942 _cBK
999 _c25583
_d25583